Agriculture and environment (Registro nro. 3118)

Detalles MARC
000 -CABECERA
Campo de control 00888nam a2200253 a 4500
005 - FECHA Y HORA DE LA ULTIMA TRANSACCION
Campo de control 20200104041538.0
008 - ELEMENTOS DE LONGITUD FIJA—INFORMACION GENERAL
Campo de control 140310b1999 enk||||| |||| 00| 0 enk d
040 ## - FUENTE DE CATALOGACIÓN
Agencia catalogadora original CO-BoIAVH
Agencia transcriptora CO-BoIAVH
041 ## - IDIOMA
Código de idioma para texto/pista de sonido o título separado Inglés
044 ## - PAÍS DE PUBLICACIÓN
País de publicación Inglaterra
090 ## - CLASIFICACIÓN LOCAL
Colección LB
Consecutivo 02880
100 ## - ASIENTO PRINCIPAL--NOMBRE PERSONAL
Nombre personal Turner, Simón TD
111 ## - ASIENTO PRINCIPAL--NOMBRE DE REUNION
Nombre de reunión o de jurisdicción como elemento de entrada Agriculture and the Environment: challenges and the conflicts or the new millennium,
Lugar de la reunión University of Warwick
Fecha de la reunión abril 14-16, 1999
245 ## - MENCION DE TITULO
Título Agriculture and environment
Parte restante del título challenges and conflicts for the new millennium, conference proceedings
260 ## - PUBLICACION, DISTRIBUCION, ETC. (PIE DE IMPRENTA)
Lugar de publicación, distribución, etc. Wallingford
Nombre del editor, distribuidor, etc. ADAS Consulting
Fecha de publicación, distribución, etc. 1999
300 ## - DESCRIPCION FISICA
Extensión 272 p.
650 ## - ASIENTO SECUNDARIO DE MATERIA - TERMINO TEMATICO
Término temático o nombre geográfico como elemento de entrada Agricultura
650 ## - ASIENTO SECUNDARIO DE MATERIA - TERMINO TEMATICO
Término temático o nombre geográfico como elemento de entrada Impacto ambiental
650 ## - ASIENTO SECUNDARIO DE MATERIA - TERMINO TEMATICO
Término temático o nombre geográfico como elemento de entrada Politica ambiental
650 ## - ASIENTO SECUNDARIO DE MATERIA - TERMINO TEMATICO
Término temático o nombre geográfico como elemento de entrada Agricultura sostenible
650 ## - ASIENTO SECUNDARIO DE MATERIA - TERMINO TEMATICO
Término temático o nombre geográfico como elemento de entrada Política agraria
700 ## - ASIENTO SECUNDARIO - NOMBRE PERSONAL
Nombre personal Alford, David
942 ## - ELEMENTOS ADICIONALES (KOHA)
Tipo de ítem Informe Técnico
Sistema de clasificación Local
Existencias
Withdrawn status Lost status Sistema de Clasificación Damaged status No para préstamo Colección Inventariado Ubicación Permanente Ubicación actual Fecha de adquisición Fuente de Valor Total Checkouts Número topográfico Inventario / Código de Barras Date last seen Ejemplar Price effective from Forma de adquisición Tipo de material
    Local     General Inventariado 2017 Bogotá Bogotá 11/03/2003 Uso y Valoración   LB-02880 005141 04/12/2012 Ej. 1 04/12/2012   Informe Técnico